00640nam a2200217Ia 450000500170000000800410001702000150005804000190007304100120009208200180010424500270012226000340014930000110018350400400019465000250023465100220025985000110028194200070029299900170029995201060031620240423141731.0131103s9999 xx 000 0 und d a8175221550 aLoreto College aEnglish a370.954 bTAG aIntroduction to Tagore aCalcuttabVisva Bharatic1997 a106p.  aIncludes bibliographical references aTagore, Rabindranath aEducation - India aLCBED  cBK c25780d76259 00102ddc4070aMAINbMAINd2013-11-04l0o370.954 TAG 13518pB28620r2013-11-04w2013-11-04yBKf